00649nam a2200193Ia 4500008004100000020001500041082001200056100002000068245004800088250000800136260004100144300002700185500001900212600002100231650005000252942000700302952013100309999001500440240925s9999 xx 000 0 und d a9971513021 a003 RAV aRavindran , A. 0aOperation Research: principles and practice a2nd aNew York:bJohn Wiley & Sonsc,2001. axv,1046p.bNAfPirated aIncludes Index aComputer Science aComputer science, information & general works cBK 001040708CSaUITUbUITUd2004-03-05eParamount Book Pvt Ltdg475.03l0o003 RAVpQ5575r2024-09-25 07:13:54w2024-09-25yBK c8074d8074